Právny poradca mesačník o pracovnom, občianskom, súdnom a ekonomickom práve, nemocenskom, zdravotnom a dôchodkovom poistení

Enregistré dans:
Détails bibliographiques
Format: Publication en série
Langue:slovaque
Publié: Bratislava Právny poradca 2000
Sujets:
Tags: Ajouter un tag
Pas de tags, Soyez le premier à ajouter un tag!

MARC

LEADER 00000nas2a2200000 4500
001 s124825
005 20231103122538.6
041 0 |a slo 
044 |a SK 
245 1 0 |a Právny poradca  |b mesačník o pracovnom, občianskom, súdnom a ekonomickom práve, nemocenskom, zdravotnom a dôchodkovom poistení 
264 1 |a Bratislava  |b Právny poradca  |c 2000 
300 |a 2 zv. 
773 0 |w eu_un_cat*s120256 
610 2 0 |a právo 
610 2 0 |a poistenie dôchodkové 
610 2 0 |a poistenie nemocenské 
610 2 0 |a poistenie zdravotné 
610 2 0 |a právo občianske